The First Twenty Elements - Statistics

General Stats
  • This quiz has been taken 314 times
  • The average score is 16 of 20
Answer Stats
element % Correct
hydrogen
100%
helium
97%
oxygen
91%
carbon
90%
lithium
90%
nitrogen
85%
boron
84%
neon
82%
beryllium
80%
calcium
79%
sodium
78%
magnesium
77%
potassium
76%
argon
75%
sulfur
74%
silicon
71%
phosphorus
70%
aluminium
69%
chlorine
68%
fluorine
67%
No matching quizzes found
Score Distribution
Percent of People with Each Score
Percentile by Number Answered
Your Score History
You have not taken this quiz